Good practice briefing (Record no. 103860)

MARC details
000 -LEADER
fixed length control field 01153cam a2200349 4500
001 - CONTROL NUMBER
control field J128037
008 - FIXED-LENGTH DATA ELEMENTS--GENERAL INFORMATION
fixed length control field 000000n2003 000 0 eng u
035 ## - SYSTEM CONTROL NUMBER
System control number (Sirsi) u128037
041 ## - LANGUAGE CODE
Language code of text/sound track or separate title eng
050 ## - LIBRARY OF CONGRESS CALL NUMBER
Classification number 306
-- 18
110 ## - MAIN ENTRY--CORPORATE NAME
Corporate name or jurisdiction name as entry element Chartered Institute of Housing
9 (RLIN) 2394
245 ## - TITLE STATEMENT
Title Good practice briefing
Remainder of title equality and diversity - issue 26 June 2003
260 ## - PUBLICATION, DISTRIBUTION, ETC.
Place of publication, distribution, etc. Coventry
-- Chartered Institute of Housing
Date of publication, distribution, etc. 2003
300 ## - PHYSICAL DESCRIPTION
Extent 19p.
Dimensions 30cm.
350 ## - PRICE (NR) (BK AM CF MU VM SE) [OBSOLETE]
Price 10
490 ## - SERIES STATEMENT
Series statement CIH Good Practice Briefing
Volume/sequential designation 26
505 ## - FORMATTED CONTENTS NOTE
Formatted contents note Regulatory framework
505 ## - FORMATTED CONTENTS NOTE
Formatted contents note Legal and policy context
505 ## - FORMATTED CONTENTS NOTE
Formatted contents note Developing diversity strategies
505 ## - FORMATTED CONTENTS NOTE
Formatted contents note Commissioning and partnering
505 ## - FORMATTED CONTENTS NOTE
Formatted contents note Diversity in the workplace
505 ## - FORMATTED CONTENTS NOTE
Formatted contents note Diversity in service delivery
505 ## - FORMATTED CONTENTS NOTE
Formatted contents note Communication and consultation
505 ## - FORMATTED CONTENTS NOTE
Formatted contents note Performance management
520 ## - SUMMARY, ETC.
Summary, etc. This Briefing examines the importance for housing organisations of valuing diversity. References and websites.
650 ## - SUBJECT ADDED ENTRY--TOPICAL TERM
Topical term or geographic name entry element DIVERSITY
650 ## - SUBJECT ADDED ENTRY--TOPICAL TERM
Topical term or geographic name entry element EQUAL OPPORTUNITIES
650 ## - SUBJECT ADDED ENTRY--TOPICAL TERM
Topical term or geographic name entry element SOCIAL HOUSING
650 ## - SUBJECT ADDED ENTRY--TOPICAL TERM
Topical term or geographic name entry element REGISTERED SOCIAL LANDLORDS
690 ## - LOCAL SUBJECT ADDED ENTRY--TOPICAL TERM (OCLC, RLIN)
Topical term or geographic name as entry element HOUSING
942 ## - ADDED ENTRY ELEMENTS (KOHA)
Suppress in OPAC 0
Holdings
Withdrawn status Lost status Source of classification or shelving scheme Damaged status Not for loan Home library Current library Shelving location Date acquired Total Checkouts Full call number Barcode Date last seen Copy number Price effective from Koha item type
    Dewey Decimal Classification     London London Enquiry desk 22/11/2004   BOXED SET 30069708 06/08/2019 1 06/08/2019 Book